Astronóm z Brezna Pred 170 rokmi zomrel Daniel Matej Kmeť

Bibliographic Details
Main Author: Kubiš, Pavol M., 1946-2016 (Author)
Format: Article
Language:Slovak
Subjects:

MARC

LEADER 00000nab a2200000 a 4500
001 vtls000552104
003 SK-MaSNL
005 20260303204553.0
008 160216c1995 xo 0 slo
015 |a SNBRB19rr/mm-uuuuu 
035 |a CL0552242 
040 |a SNKBUCL  |b slo  |c SNKBUCL  |e AACR2 
041 0 |a slo 
044 |a xo  |c SK 
080 |a 52-051  |2 1981 
080 |a 378.124  |2 1981 
080 |a 943.76-051"17/18"  |2 1981 
080 |a 929 Kmeť, Daniel Matej  |2 1981 
100 1 |a Kubiš, Pavol M.,  |d 1946-2016  |4 aut  |9 219205 
245 1 0 |a Astronóm z Brezna  |b Pred 170 rokmi zomrel Daniel Matej Kmeť  |c Pavol M. Kubiš 
600 1 7 |a Kmeť, Daniel Matej,  |d 1783-1825  |2 snkbucl  |9 164115 
655 7 |a články z novín a časopisov  |2 snkbucl  |9 267496 
773 0 |t Slovenská republika  |g Roč. 2, č. 158 (10. 7. 1995), s. 5 
850 |a Slovenská národná knižnica v Martine  |a MTA001 
852 |a SNK  |b KIS3GCP 
958 |a BX 
958 |a RK 
958 |a SK 
992 |a RBX 
999 |c 2190613  |d 2192543